| 000 | 00389nam a22001457a 4500 | ||
|---|---|---|---|
| 999 |
_c521844 _d521844 |
||
| 008 | 230228b ||||| |||| 00| 0 eng d | ||
| 100 |
_aKumar, Ravindra _937759 |
||
| 245 | _aMillets for pregnant and lactating women | ||
| 260 | _aYojana | ||
| 300 | _aJan, 2023: p.35-37 | ||
| 650 |
_aMillets, Pregnant, Lactating women _937760 |
||
| 773 | _aYojana | ||
| 906 | _aFOOD | ||
| 942 | _cAR | ||